| 000 | 01738nam1a2200325 i 4500 | ||
|---|---|---|---|
| 001 | RU\NLR\BIBL_A\012066372 | ||
| 005 | 20240921140331.0 | ||
| 035 | _a(NLR Aleph) 012066372 | ||
| 090 |
_a11731892 _c11731892 |
||
| 100 | _a20190705g20199999km y0rusy50 ca | ||
| 101 | 0 |
_arus _aeng |
|
| 102 | _aRU | ||
| 105 | _a||||j|||||||| | ||
| 200 | 1 |
_a"История Британии" с Саймоном Шама _d"A history of Britain" by Simon Schama _eучебное пособие на материалах мультимедийных текстов _e[комплекс упражнений, основанный на документальном сериале BBC _eдля студентов гуманитарных факультетов среднего и повышенного уровня знания английского языка] _fО. М. Елина _zeng |
|
| 210 |
_aМосква _cМакс пресс _d2019 |
||
| 215 | _d20 | ||
| 300 | _aАвт. также на англ. яз.: O. Elina, N. | ||
| 309 | _aПред. части вышли ненумер. | ||
| 500 | 1 | 0 |
_7ba _aHistory of Britain _lДокументальный сериал _92638062 _3RU\NLR\AUTH\5507089 |
| 510 | 1 |
_6z22790 _a"History of Britain" by Simon Schama _zeng |
|
| 606 | 1 |
_aАнглийский язык _jУчебные издания для высших учебных заведений _9972309 _3RU\NLR\AUTH\6646032 |
|
| 686 | 1 |
_aШ143.21-93рус31 _bД890(4Вл) |
|
| 700 | 1 |
_aЕлина _bО. М. _gОльга Михайловна |
|
| 790 | 1 |
_6z22510 _aElina _bO. M. _gOl'ga Michajlovna |
|
| 852 |
_aNLR _j2014-3/28530 |
||
| 942 | _cBOOK | ||
| 980 | _aNBR | ||